[Event "23rd European Women Club Cup 2018"]
[Site "Halkidiki"]
[Date "2018.10.12"]
[Round "1"]
[White "Mammadova, Gulnar"]
[Black "Mar, Karmen"]
[Result "1-0"]
[WhiteElo "2355"]
[BlackElo "2107"]
[Annotator "NA"]
[PlyCount "75"]
[EventDate "2018.10.12"]
[EventType "team-tourn"]
[EventCountry "GRE"]
[SourceTitle "playchess.com"]
[Source "ChessBase"]
[SourceQuality "1"]
[WhiteTeam "Odlar Yurdu"]
[BlackTeam "Maribor"]
[TimeControl "40/5400+30:1800+30"]

1. e4 {[%emt 0:00:00]} c5 {[%emt 0:00:00]} 2. Nf3 {[%emt 0:00:00]} d6 {[%emt 0:00:00]} 3. Bb5+ {[%emt 0:00:00]} Bd7 {[%emt 0:00:09]} 4. c4 {[%emt 0:00:18]} a6 {[%emt 0:00:17]} 5. Bxd7+ {[%emt 0:00:07]} Nxd7 {[%emt 0:00:15]} 6. Nc3 {[%emt 0:00:24]} Ngf6 {[%emt 0:00:50]} 7. O-O {[%emt 0:00:59]} e6 {[%emt 0:00:11]} 8. b3 {[%emt 0:01:08]} Be7 {[%emt 0:01:00]} 9. d4 {[%emt 0:00:11]} cxd4 {[%emt 0:00:39]} 10. Nxd4 {[%emt 0:01:06]} O-O {[%emt 0:02:17]} 11. Bb2 {[%emt 0:01:01]} Rc8 {[%emt 0:01:46]} 12. Qe2 {[%emt 0:01:12]} Qc7 {[%emt 0:01:18]} 13. Rac1 {[%emt 0:01:41]} Rfe8 {[%emt 0:05:12]} 14. Rfd1 {[%emt 0:01:20]} Qb8 {[%emt 0:03:07]} 15. h3 {[%emt 0:01:30]} Bd8 {[%emt 0:13:34]} 16. f4 {[%emt 0:03:15]} b6 {[%emt 0:19:22]} 17. Rd2 {[%emt 0:04:07]} Bc7 {[%emt 0:05:38]} 18. Rcd1 {[%emt 0:02:49]} Qa8 {[%emt 0:07:32]} 19. Nc2 {[%emt 0:05:44]} Nc5 {[%emt 0:04:27]} 20. Re1 {[%emt 0:06:39]} d5 {[%emt 0:10:52]} 21. e5 {[%emt 0:00:20]} Nfe4 {[%emt 0:00:23]} 22. Nxe4 {[%emt 0:06:58]} Nxe4 {[%emt 0:02:35]} 23. Rdd1 {[%emt 0:01:06]} b5 {[%emt 0:02:51]} 24. cxd5 {[%emt 0:04:02]} exd5 {[%emt 0:01:31]} 25. Bd4 {[%emt 0:08:12]} Ba5 {[%emt 0:01:08]} 26. b4 {[%emt 0:00:38]} Qc6 {[%emt 0:02:55]} 27. bxa5 {[%emt 0:03:58]} Qxc2 {[%emt 0:00:07]} 28. Qg4 {[%emt 0:00:59]} Rc4 {[%emt 0:02:14]} 29. Qd7 {[%emt 0:04:24]} Rf8 {[%emt 0:01:45]} 30. Qxd5 {[%emt 0:05:53]} Nc3 {[%emt 0:01:11]} 31. Bxc3 {[%emt 0:00:14]} Qxc3 {[%emt 0:00:48]} 32. f5 {[%emt 0:07:19]} Qxa5 {[%emt 0:02:50]} 33. e6 {[%emt 0:01:37]} Rcc8 {[%emt 0:05:35]} 34. e7 {[%emt 0:04:41]} Rfe8 {[%emt 0:00:49]} 35. Kh1 {[%emt 0:01:24]} Qb6 {[%emt 0:00:34]} 36. Qd7 {[%emt 0:00:18]} Qc5 {[%emt 0:01:14]} 37. Kh2 {[%emt 0:03:52]} f6 {[%emt 0:00:42]} 38. Rc1 {[%emt 0:00:54]} 1-0

[Event "23rd European Women Club Cup 2018"]
[Site "Halkidiki"]
[Date "2018.10.12"]
[Round "1"]
[White "Kovanova, Baira"]
[Black "Tsivelekidou, Anthoula Elpida"]
[Result "1-0"]
[WhiteElo "2350"]
[BlackElo "1147"]
[Annotator "TA"]
[PlyCount "59"]
[EventDate "2018.10.12"]
[EventType "team-tourn"]
[EventCountry "GRE"]
[SourceTitle "playchess.com"]
[Source "ChessBase"]
[SourceQuality "1"]
[WhiteTeam "Ugra"]
[BlackTeam "Thessaloniki"]

{[%evp 13,59,-21,-14,-38,0,0,7,-27,21,-2,41,33,88,51,68,25,166,28,68,60,101,122,245,240,269,257,281,265,245,240,315,318,308,314,422,429,413,404,623,616,983,696,1494,1441,29987,29988,29988,1088]} 1. Nf3 d5 2. g3 Nf6 3. Bg2 c5 4. O-O Nc6 5. d3 e5 6. Nbd2 Be7 7. e4 d4 {LiveBook: 47 Games} 8. Nh4 {A08: King's Indian Attack} (8. Nc4 Qc7 9. a4 O-O 10. Nh4 g6 11. f4 exf4 12. Bxf4 Qd8 13. Nf3 Be6 14. b3 Ng4 15. Qd2 Bxc4 16. bxc4 Bd6 17. e5 Bb8 18. Qc1 Bc7 19. Qd2 Bb8 20. Qc1 Bc7 21. Qd2 Bb8 22. Qc1 {½-½ (22) Maghsoodloo,P (2638)-Gukesh,D (2431) Voronezh 2018}) 8... O-O 9. Nf5 Be6 10. h3 $146 {The position is equal.} ({Predecessor:} 10. f4 Qc7 11. Nf3 a6 12. fxe5 Nd7 13. Bf4 Rae8 14. Nxe7+ Nxe7 15. Ng5 Ng6 {1-0 (24) Beisser,J (1935)-Konrad,M (1644) Greifswald 2003}) 10... Re8 11. Nxe7+ Nxe7 12. f4 Qd6 (12... exf4 $14 13. gxf4 g6) 13. Nf3 Nc6 14. Qe1 exf4 (14... c4 $11) 15. gxf4 (15. e5 $18 Nxe5 16. Qxe5 (16. Nxe5 f3 $16) 16... Qxe5 17. Nxe5) 15... Qe7 16. Qh4 Nb4 17. Rf2 Nxa2 (17... Bc8 $16) 18. f5 $18 Nxc1 19. fxe6 fxe6 20. Rxc1 e5 21. Rcf1 Rf8 22. Qg5 Rae8 23. Nh4 {[%cal Bf3h4,Bh4f5,Bf5g7][%mdl 32]} b5 24. Nf5 Qd7 25. h4 {[%cal Bh3h4,Bh4h5,Bh5h6][%mdl 32]} c4 (25... Kh8 $142 26. Nxg7 Qxg7 27. Rxf6 Rxf6 28. Rxf6 c4) 26. h5 cxd3 27. cxd3 a5 28. h6 {[%cal Rh6g7]} g6 29. Ng7 Qg4 30. Qd2 {Precision: White = 58%, Black = 17%.} (30. Qxf6 $142 Rxf6 31. Rxf6 Qg5 32. Nxe8 Qe3+ 33. R6f2 Kh8 34. Kh2 Qxh6+ 35. Bh3) 1-0

[Event "23rd European Women Club Cup 2018"]
[Site "Halkidiki"]
[Date "2018.10.12"]
[Round "1"]
[White "Babiy, Olga"]
[Black "Neuhauser, Salome"]
[Result "1-0"]
[WhiteElo "2310"]
[BlackElo "2115"]
[Annotator "NA"]
[PlyCount "77"]
[EventDate "2018.10.12"]
[EventType "team-tourn"]
[EventCountry "GRE"]
[SourceTitle "playchess.com"]
[Source "ChessBase"]
[SourceQuality "1"]
[WhiteTeam "Kyiv"]
[BlackTeam "Mulhouse"]
[TimeControl "40/5400+30:1800+30"]

1. e4 {[%emt 0:00:00]} c5 {[%emt 0:00:00]} 2. Nf3 {[%emt 0:00:00]} Nc6 {[%emt 0:00:00]} 3. d4 {[%emt 0:00:00]} cxd4 {[%emt 0:00:00]} 4. Nxd4 {[%emt 0:00:00]} g6 {[%emt 0:00:06]} 5. c4 {[%emt 0:00:00]} Bg7 {[%emt 0:00:06]} 6. Be3 {[%emt 0:00:05]} d6 {[%emt 0:00:10]} 7. Nc3 {[%emt 0:00:40]} Nf6 {[%emt 0:00:08]} 8. Be2 {[%emt 0:00:18]} O-O {[%emt 0:00:25]} 9. O-O {[%emt 0:00:25]} Bd7 {[%emt 0:00:06]} 10. h3 {[%emt 0:00:20]} Nxd4 {[%emt 0:01:00]} 11. Bxd4 {[%emt 0:00:07]} Bc6 {[%emt 0:00:10]} 12. Qc2 {[%emt 0:00:53]} Qc7 {[%emt 0:09:54]} 13. Bd3 {[%emt 0:11:29]} Rfb8 {[%emt 0:06:07]} 14. Qd2 {[%emt 0:10:53]} a6 {[%emt 0:15:49]} 15. a4 {[%emt 0:17:04]} Qa5 {[%emt 0:06:22]} 16. Qe3 {[%emt 0:25:08]} Nd7 {[%emt 0:08:12]} 17. Nd5 {[%emt 0:01:01]} Bxd4 {[%emt 0:21:05]} 18. Qxd4 {[%emt 0:04:46]} Qd8 {[%emt 0:01:01]} 19. f4 {[%emt 0:06:49]} Nc5 {[%emt 0:14:16]} 20. Bc2 {[%emt 0:00:29]} b5 {[%emt 0:01:45]} 21. Nb4 {[%emt 0:07:34]} Bd7 {[%emt 0:04:36]} 22. axb5 {[%emt 0:00:04]} axb5 {[%emt 0:00:21]} 23. Rxa8 {[%emt 0:00:06]} Rxa8 {[%emt 0:00:08]} 24. f5 {[%emt 0:03:22]} f6 {[%emt 0:04:01]} 25. fxg6 {[%emt 0:03:27]} hxg6 {[%emt 0:00:01]} 26. e5 {[%emt 0:00:18]} Ne6 {[%emt 0:03:09]} 27. Qh4 {[%emt 0:01:40]} Kg7 {[%emt 0:01:55]} 28. exf6+ {[%emt 0:02:29]} exf6 {[%emt 0:00:01]} 29. Nd5 {[%emt 0:00:25]} f5 {[%emt 0:00:59]} 30. Qg3 {[%emt 0:00:24]} Nf8 {[%emt 0:01:38]} 31. Qxd6 {[%emt 0:00:39]} Be6 {[%emt 0:00:49]} 32. Qe5+ {[%emt 0:00:20]} Kf7 {[%emt 0:00:31]} 33. b3 {[%emt 0:04:02]} bxc4 {[%emt 0:00:31]} 34. bxc4 {[%emt 0:00:00]} Ra2 {[%emt 0:00:29]} 35. Rf2 {[%emt 0:00:20]} Qg5 {[%emt 0:00:47]} 36. Bxf5 {[%emt 0:01:29]} Qc1+ {[%emt 0:00:44]} 37. Rf1 {[%emt 0:00:14]} Qxf1+ {[%emt 0:00:15]} 38. Kxf1 {[%emt 0:00:02]} Bxf5 {[%emt 0:00:16]} 39. Qe7+ {[%emt 0:00:35]} 1-0

[Event "23rd European Women Club Cup 2018"]
[Site "Halkidiki"]
[Date "2018.10.12"]
[Round "1"]
[White "Heinemann, Josefine"]
[Black "Muzychuk, Mariya"]
[Result "1/2-1/2"]
[WhiteElo "2308"]
[BlackElo "2533"]
[Annotator "TA"]
[PlyCount "80"]
[EventDate "2018.10.12"]
[EventType "team-tourn"]
[EventCountry "GRE"]
[SourceTitle "playchess.com"]
[Source "ChessBase"]
[SourceQuality "1"]
[WhiteTeam "Mulhouse"]
[BlackTeam "Kyiv"]

{[%evp 36,80,56,-100,19,-98,-85,-158,-141,-145,-154,-127,-59,-70,0,0,25,0,0,0,0,0,0,0,0,0,0,0,0,0,0,0,0,0,0,0,0,0,0,0,0,0,0,0,0,0,0]} 1. e4 {Chekhov,V} c5 2. Nf3 e6 3. d4 cxd4 4. Nxd4 Nf6 5. Nc3 Nc6 6. Ndb5 d6 7. Bf4 e5 8. Bg5 a6 9. Na3 b5 10. Bxf6 gxf6 11. Nd5 Bg7 12. Bd3 Ne7 13. Nxe7 Qxe7 14. O-O O-O 15. c4 f5 16. Qh5 Rb8 17. exf5 e4 18. Rae1 Bb7 19. f3 $2 (19. b3 $14 {stays ahead.}) 19... bxc4 {B33: Sicilian: Pelikan and Sveshnikov Variations} ({Black should try} 19... d5 $17 20. fxe4 dxc4) (19... d5 20. fxe4 dxc4 21. Bb1 Bd4+ 22. Kh1 f6 23. Nc2 Bxb2 24. Ne3 Rbd8 25. Ng4 {½-½ (24) Rittner,H (2560)-Palmo,P (2475) Finland 1991}) 20. Bxe4 {[#]} (20. Bc2 $11) 20... Qf6 $1 $17 21. Kh1 $146 (21. Rd1 $142 Bxe4 22. fxe4) ({Predecessor:} 21. Rd1 Rfc8 22. Nc2 d5 23. Bxd5 Bxd5 24. Rxd5 Rxb2 25. Ne3 Qb6 26. Re1 c3 27. Rd7 Rf8 28. Qg5 h6 29. Qg4 c2 30. Rb7 Qxe3+ {0-1 (29) Orlov,V (2405)-Tirard,H (2365) Paris 1996 CBM 051 Extra [Chekhov,V]}) 21... d5 {[%mdl 1024] Black is clearly better. Black has strong compensation.} 22. Bb1 Rfe8 23. b3 c3 (23... Rxe1 $17 24. Rxe1 cxb3 25. axb3 Bc6) 24. Bd3 Bh6 (24... a5 $15) 25. Nc2 Bd2 26. Qg4+ Kh8 {The position is equal.} 27. Rxe8+ Rxe8 28. Qb4 Bc8 29. Qc5 Bxf5 30. Qxd5 Bg6 31. Bxg6 Qxg6 32. Qd4+ Kg8 33. Qg4 Bh6 {[#] White must now prevent ...Qxg4.} 34. Qxg6+ fxg6 $11 {[%mdl 4096] Endgame KRB-KRN} 35. Kg1 $1 Bf8 36. Re1 Rd8 37. Kf1 Rd2 38. Re2 {Hoping for Rxd2.} Rd1+ 39. Re1 Rd2 40. Re2 {And now Rxd2 would win.} Rd1+ {Precision: White = 66%, Black = 57%.} 1/2-1/2

[Event "23rd European Women Club Cup 2018"]
[Site "Halkidiki"]
[Date "2018.10.12"]
[Round "1"]
[White "Brunello, Marina"]
[Black "Balaian, Alina"]
[Result "1-0"]
[WhiteElo "2294"]
[BlackElo "2238"]
[Annotator "NA"]
[PlyCount "71"]
[EventDate "2018.10.12"]
[EventType "team-tourn"]
[EventCountry "GRE"]
[SourceTitle "playchess.com"]
[Source "ChessBase"]
[SourceQuality "1"]
[WhiteTeam "Pentole Agnelli"]
[BlackTeam "SSHOR"]
[TimeControl "40/5400+30:1800+30"]

1. e4 {[%emt 0:00:00]} e6 {[%emt 0:00:00]} 2. d4 {[%emt 0:00:06]} d5 {[%emt 0:00:00]} 3. e5 {[%emt 0:00:08]} c5 {[%emt 0:00:00]} 4. c3 {[%emt 0:00:23]} Qb6 {[%emt 0:00:00]} 5. Nf3 {[%emt 0:00:59]} Nc6 {[%emt 0:00:10]} 6. Be2 {[%emt 0:00:13]} cxd4 {[%emt 0:00:24]} 7. cxd4 {[%emt 0:00:36]} Nh6 {[%emt 0:00:05]} 8. Bd3 {[%emt 0:00:32]} Bd7 {[%emt 0:07:18]} 9. Bc2 {[%emt 0:02:25]} Nb4 {[%emt 0:03:08]} 10. Bxh6 {[%emt 0:00:21]} gxh6 {[%emt 0:04:56]} 11. O-O {[%emt 0:02:09]} Be7 {[%emt 0:06:02]} 12. Nc3 {[%emt 0:04:55]} Nxc2 {[%emt 0:05:10]} 13. Qxc2 {[%emt 0:00:06]} O-O {[%emt 0:00:47]} 14. Rfd1 {[%emt 0:05:54]} Kh8 {[%emt 0:01:57]} 15. Qd2 {[%emt 0:03:53]} Rg8 {[%emt 0:00:42]} 16. Ne2 {[%emt 0:06:54]} Rg7 {[%emt 0:11:45]} 17. Ng3 {[%emt 0:03:35]} Rag8 {[%emt 0:01:23]} 18. Qxh6 {[%emt 0:03:56]} Qxb2 {[%emt 0:00:57]} 19. Rab1 {[%emt 0:00:56]} Qxa2 {[%emt 0:03:02]} 20. Rxb7 {[%emt 0:01:15]} Qa4 {[%emt 0:14:59]} 21. Rdb1 {[%emt 0:03:28]} a6 {[%emt 0:06:41]} 22. h4 {[%emt 0:03:04]} Bd8 {[%emt 0:02:53]} 23. Rb8 {[%emt 0:09:18]} Qc2 {[%emt 0:02:45]} 24. R1b7 {[%emt 0:08:17]} Bc8 {[%emt 0:04:38]} 25. Rb1 {[%emt 0:02:12]} Bd7 {[%emt 0:06:46]} 26. Ra1 {[%emt 0:01:37]} Qc7 {[%emt 0:03:20]} 27. Ra8 {[%emt 0:03:52]} Bb5 {[%emt 0:00:55]} 28. Rc1 {[%emt 0:05:03]} Qd7 {[%emt 0:03:28]} 29. Rcc8 {[%emt 0:02:39]} Rg6 {[%emt 0:01:01]} 30. Qc1 {[%emt 0:03:07]} Bc4 {[%emt 0:06:46]} 31. Qf4 {[%emt 0:01:39]} Bd3 {[%emt 0:01:17]} 32. h5 {[%emt 0:06:02]} R6g7 {[%emt 0:00:00]} 33. h6 {[%emt 0:00:32]} Rg6 {[%emt 0:00:01]} 34. Nh4 {[%emt 0:00:23]} Bxh4 {[%emt 0:00:43]} 35. Rxg8+ {[%emt 0:00:16]} Rxg8 {[%emt 0:00:01]} 36. Qxh4 {[%emt 0:00:16]} 1-0

[Event "23rd European Women Club Cup 2018"]
[Site "Halkidiki"]
[Date "2018.10.12"]
[Round "1"]
[White "Klinova, Masha"]
[Black "Javakhishvili, Lela"]
[Result "1/2-1/2"]
[WhiteElo "2288"]
[BlackElo "2475"]
[Annotator "TA"]
[PlyCount "95"]
[EventDate "2018.10.12"]
[EventType "team-tourn"]
[EventCountry "GRE"]
[SourceTitle "playchess.com"]
[Source "ChessBase"]
[SourceQuality "1"]
[WhiteTeam "Beer Sheva"]
[BlackTeam "Nona"]

{[%evp 15,95,-47,-45,-47,-42,-45,-12,-19,0,-2,0,-18,0,10,0,10,36,0,45,0,51,42,78,-19,-18,-21,-9,-26,2,0,0,0,37,14,16,-154,-153,-161,-149,-158,-160,-182,-111,-119,-30,-46,-61,-52,-12,-64,-66,-84,-85,-90,-89,-84,-99,-81,-74,-91,0,0,0,0,0,0,0,0,0,0,0,0,0,0,0,0,0,0,0,0,0,0]} 1. e4 c5 2. Nf3 e6 3. c4 Nc6 4. Nc3 Nd4 5. d3 Ne7 6. Nxd4 {B40: Sicilian: 2...e6, Unusual lines} cxd4 7. Ne2 Nc6 8. a3 b5 {LiveBook: 4 Games} 9. Ng3 Rb8 $146 ({Predecessor:} 9... Be7 10. Be2 O-O 11. O-O Rb8 12. f4 Qc7 13. Kh1 {½-½ (32) Sengupta,D (2579)-Saduakassova,D (2427) Novi Sad 2016}) 10. Be2 g6 11. O-O bxc4 12. dxc4 Bg7 13. Bd3 a5 14. f4 O-O 15. Rb1 Ba6 16. b3 Qe7 17. Rf2 Rb6 (17... d6 $11) 18. e5 $1 $14 d6 19. c5 (19. exd6 $16 Qxd6 20. Ne4) 19... dxc5 $11 20. Bxa6 Rxa6 21. Ne4 Rd8 22. Qd3 Rb6 $36 {[%mdl 2048] Black has some pressure.} 23. Rc2 Rd5 24. Bd2 $1 Nd8 25. Bxa5 $2 (25. Rc4 $11) 25... c4 $1 $17 {[%cal Rc4d3]} 26. Rxc4 Rxa5 27. b4 {[#]} Rd5 $1 28. Rxd4 Qd7 ({Better is} 28... Qa7 $19 {Strongly threatening ...Rb8.} 29. Kh1 Rb8 30. Rxd5 exd5) 29. Rd1 {[%cal Rd4d5]} Rxd4 (29... Qa7 $17 {White must now prevent ...Rxb4!} 30. Rxd5 exd5) 30. Qxd4 $11 Qxd4+ 31. Rxd4 Nc6 32. Rd7 ({White should try} 32. Rc4 $11) 32... Rb8 $15 33. Kf2 Bf8 34. Ke3 Ne7 35. Nf6+ Kg7 36. g4 Ra8 37. Rd3 {[#]} Nd5+ (37... h5 $1 $17 38. Kf3 (38. gxh5 Nf5+) 38... hxg4+ 39. Kxg4 Ng8 40. Nxg8 Kxg8) 38. Nxd5 $11 {The position is equal.} exd5 {[%mdl 4096] Endgame KRB-KR} 39. g5 h6 40. h4 Be7 41. Kd4 hxg5 42. hxg5 Kf8 43. Rh3 {Hoping for Rh8+.} Ke8 44. Kxd5 Kd7 45. Rd3 Kc7 46. Rc3+ Kd7 47. Rd3 Kc7 48. Rc3+ {Precision: White = 52%, Black = 53%.} 1/2-1/2

[Event "23rd European Women Club Cup 2018"]
[Site "Halkidiki"]
[Date "2018.10.12"]
[Round "1"]
[White "De Rosa, Mariagrazia"]
[Black "Cramling, Pia"]
[Result "0-1"]
[WhiteElo "2131"]
[BlackElo "2465"]
[Annotator "TA"]
[PlyCount "92"]
[EventDate "2018.10.12"]
[EventType "team-tourn"]
[EventCountry "GRE"]
[SourceTitle "playchess.com"]
[Source "ChessBase"]
[SourceQuality "1"]
[WhiteTeam "Banca Alpi Marittime"]
[BlackTeam "Monte-Carlo"]

{[%evp 19,92,34,68,8,20,12,16,14,18,14,14,24,58,35,14,27,26,26,23,18,15,22,18,18,18,26,43,9,8,16,28,28,37,0,35,0,0,0,0,-30,-11,-202,-254,-258,0,0,16,-481,-473,-467,-476,-1468,-1461,-1841,-1841,-1429,-1300,-1960,-1849,-1819,-1825,-1434,-1372,-1805,-1781,-12840,-12841,-12841,-12841,-12841,-12842,-12842,-12843,-12843,-12843]} 1. e4 c5 2. Nf3 e6 3. d4 cxd4 4. Nxd4 a6 5. Bd3 Bc5 6. Nb3 Be7 7. f4 {B42: Sicilian: Kan Variation: 5 Bd3} (7. Qg4 g6 8. Qe2 d6 9. a4 Nc6 10. O-O Ne5 11. Kh1 Nf6 12. Nc3 Bd7 13. f4 Nxd3 14. cxd3 O-O 15. Be3 b5 16. a5 {1-0 (48) Aronian,L (2764)-Caruana,F (2816) Paris 2018}) 7... d6 8. Be3 Nf6 9. Qf3 Qc7 10. N1d2 Nc6 {LiveBook: 9 Games} 11. g4 (11. O-O $14) 11... h6 $146 {[%cal Bh7h6,Bh6h5][%mdl 32]} ({Predecessor:} 11... b6 12. a3 Bb7 13. g5 Nd7 14. O-O-O Nc5 {1-0 (35) Macieja,B (2613)-Markus,R (2586) Vrsac 2006}) 12. h4 h5 13. g5 Ng4 14. O-O-O Nb4 15. Kb1 Bd7 16. Bd4 e5 17. Bc3 Nc6 18. Nc4 b5 19. Ne3 Nxe3 20. Qxe3 b4 21. Be1 exf4 22. Qxf4 g6 23. Rf1 O-O $1 24. Bc4 Be6 25. Bd5 a5 {[%cal Ba6a5,Ba5a4][%mdl 32]} 26. Bg3 a4 27. Nc5 {[%cal Bb3c5,Bc5e4,Be4c3][%mdl 32]} Bxd5 28. exd5 Ne5 29. Ne4 b3 30. cxb3 $2 (30. Qc1 $1 $11 {and White is okay.}) 30... axb3 $40 {[%mdl 128] ( -> ...Qc2+). Black is out for blood.} 31. axb3 {[#]} Qa7 $2 ({Black should play} 31... Qb6 $1 $19 {[%cal Rb6b3]} 32. b4 Rfc8) 32. Nc3 $1 $11 Qb7 33. Qd4 $2 {[%mdl 8192]} (33. Qe4 $11 {and White has nothing to worry.} Qxb3 34. Bxe5 dxe5 35. d6) 33... Qxb3 $19 {Black is clearly winning.} 34. Bxe5 dxe5 35. Qxe5 (35. Qd3 $142 Rfb8 36. Rd2) 35... Bb4 36. d6 Bxc3 37. Qxc3 {[#]} Qa2+ $1 38. Kc2 Rac8 39. d7 Rxc3+ 40. Kxc3 Rd8 41. Rf4 Qa5+ 42. Kb3 Rb8+ 43. Kc2 Qc7+ 44. Kb1 Qxf4 45. d8=Q+ Rxd8 46. Rxd8+ Kg7 {Precision: White = 33%, Black = 73%.} 0-1

[Event "23rd European Women Club Cup 2018"]
[Site "Halkidiki"]
[Date "2018.10.12"]
[Round "1"]
[White "Richard, Emma"]
[Black "Osmak, Iulija"]
[Result "0-1"]
[WhiteElo "2127"]
[BlackElo "2405"]
[Annotator "NA"]
[PlyCount "64"]
[EventDate "2018.10.12"]
[EventType "team-tourn"]
[EventCountry "GRE"]
[SourceTitle "playchess.com"]
[Source "ChessBase"]
[SourceQuality "1"]
[WhiteTeam "Mulhouse"]
[BlackTeam "Kyiv"]
[TimeControl "40/5400+30:1800+30"]

1. e4 {[%emt 0:00:00]} e6 {[%emt 0:00:00]} 2. d4 {[%emt 0:00:00]} d5 {[%emt 0:00:00]} 3. Nd2 {[%emt 0:00:00]} c5 {[%emt 0:00:00]} 4. exd5 {[%emt 0:00:00]} Qxd5 {[%emt 0:00:00]} 5. Ngf3 {[%emt 0:00:00]} cxd4 {[%emt 0:00:04]} 6. Bc4 {[%emt 0:00:01]} Qd6 {[%emt 0:00:21]} 7. O-O {[%emt 0:00:27]} Nc6 {[%emt 0:00:08]} 8. Nb3 {[%emt 0:00:23]} a6 {[%emt 0:00:11]} 9. a4 {[%emt 0:00:22]} Nf6 {[%emt 0:01:27]} 10. Nbxd4 {[%emt 0:06:14]} Nxd4 {[%emt 0:05:36]} 11. Nxd4 {[%emt 0:00:06]} Qc7 {[%emt 0:00:22]} 12. Qe2 {[%emt 0:09:21]} Bd6 {[%emt 0:03:02]} 13. h3 {[%emt 0:11:27]} O-O {[%emt 0:04:05]} 14. Rd1 {[%emt 0:03:55]} h6 {[%emt 0:06:05]} 15. Bd3 {[%emt 0:15:03]} Bd7 {[%emt 0:05:29]} 16. Qf3 {[%emt 0:07:03]} Bh2+ {[%emt 0:04:32]} 17. Kh1 {[%emt 0:04:04]} Be5 {[%emt 0:00:10]} 18. Be3 {[%emt 0:05:08]} Nd5 {[%emt 0:04:20]} 19. Be4 {[%emt 0:12:07]} Nxe3 {[%emt 0:03:46]} 20. fxe3 {[%emt 0:02:42]} Rab8 {[%emt 0:03:22]} 21. Ra3 {[%emt 0:02:01]} f5 22. Bd3 b5 {[%emt 0:23:50]} 23. Rc3 {[%emt 0:11:12]} Qb7 {[%emt 0:06:52]} 24. Qxb7 {[%emt 0:02:19]} Rxb7 {[%emt 0:00:03]} 25. axb5 {[%emt 0:00:24]} axb5 {[%emt 0:00:05]} 26. Rc5 {[%emt 0:01:11]} Bd6 {[%emt 0:01:21]} 27. Nxe6 {[%emt 0:05:14]} Bxe6 {[%emt 0:04:15]} 28. Rc6 {[%emt 0:00:04]} Rd7 {[%emt 0:01:32]} 29. Bxb5 {[%emt 0:00:26]} Bg3 {[%emt 0:01:56]} 30. Rf1 {[%emt 0:00:37]} Rd6 {[%emt 0:00:26]} 31. b4 {[%emt 0:02:39]} Rb8 {[%emt 0:02:12]} 32. c3 {[%emt 0:00:55]} Rxb5 {[%emt 0:00:15]} 0-1

[Event "23rd European Women Club Cup 2018"]
[Site "Halkidiki"]
[Date "2018.10.12"]
[Round "1"]
[White "Vidic, Teja"]
[Black "Balajayeva, Khanim"]
[Result "1/2-1/2"]
[WhiteElo "2116"]
[BlackElo "2326"]
[Annotator "NA"]
[PlyCount "60"]
[EventDate "2018.10.12"]
[EventType "team-tourn"]
[EventCountry "GRE"]
[SourceTitle "playchess.com"]
[Source "ChessBase"]
[SourceQuality "1"]
[WhiteTeam "Maribor"]
[BlackTeam "Odlar Yurdu"]
[TimeControl "40/5400+30:1800+30"]

1. e4 {[%emt 0:00:00]} e5 {[%emt 0:00:00]} 2. Nf3 {[%emt 0:00:00]} Nc6 {[%emt 0:00:00]} 3. d4 {[%emt 0:00:00]} exd4 {[%emt 0:00:00]} 4. Nxd4 {[%emt 0:00:00]} Nf6 {[%emt 0:00:00]} 5. Nxc6 {[%emt 0:00:00]} bxc6 {[%emt 0:00:00]} 6. e5 {[%emt 0:00:00]} Qe7 {[%emt 0:00:00]} 7. Qe2 {[%emt 0:00:00]} Nd5 {[%emt 0:00:04]} 8. c4 {[%emt 0:00:02]} Nb6 {[%emt 0:00:03]} 9. Nc3 {[%emt 0:00:07]} Qe6 {[%emt 0:00:11]} 10. Qe4 {[%emt 0:00:05]} g6 {[%emt 0:00:03]} 11. f4 {[%emt 0:00:34]} Bg7 {[%emt 0:00:24]} 12. c5 {[%emt 0:01:50]} Nd5 {[%emt 0:03:26]} 13. Bc4 {[%emt 0:00:07]} Nxc3 {[%emt 0:03:21]} 14. bxc3 {[%emt 0:00:11]} Qe7 {[%emt 0:00:27]} 15. Be3 {[%emt 0:06:41]} O-O {[%emt 0:03:51]} 16. O-O {[%emt 0:00:33]} Bb7 {[%emt 0:30:37]} 17. Rad1 {[%emt 0:05:48]} Rad8 {[%emt 0:03:03]} 18. Qf3 {[%emt 0:17:44]} Kh8 {[%emt 0:20:11]} 19. Bd4 {[%emt 0:26:02]} d6 {[%emt 0:04:55]} 20. exd6 {[%emt 0:03:48]} Bxd4+ {[%emt 0:02:36]} 21. cxd4 {[%emt 0:02:56]} cxd6 {[%emt 0:00:04]} 22. Qf2 {[%emt 0:06:51]} Bc8 {[%emt 0:03:40]} 23. Rfe1 {[%emt 0:07:29]} Qf6 {[%emt 0:01:07]} 24. Bb3 {[%emt 0:02:38]} Bg4 {[%emt 0:01:19]} 25. Rd2 {[%emt 0:01:50]} Rfe8 {[%emt 0:10:19]} 26. h3 {[%emt 0:03:10]} Rxe1+ {[%emt 0:05:48]} 27. Qxe1 {[%emt 0:00:08]} Bf5 {[%emt 0:01:44]} 28. Qe3 {[%emt 0:02:21]} Kg7 {[%emt 0:01:23]} 29. Re2 {[%emt 0:02:21]} dxc5 {[%emt 0:02:21]} 30. dxc5 {[%emt 0:00:08]} Rd3 {[%emt 0:01:30]} 1/2-1/2